| 000 | 00457nam a2200181Ia 4500 | ||
|---|---|---|---|
| 003 | 0STCL | ||
| 008 | 150530s9999 xx 000 0 und d | ||
| 040 |
_aSTCL _cSTCL |
||
| 100 | _aRamachandran Nair, C.G. | ||
| 245 | _aThalangal Tharangangal | ||
| 250 | _a1 | ||
| 260 |
_bState Institute of Language; Thiruvanathapuram _c2005 _aThiruvanathapuram |
||
| 300 | _a0 | ||
| 546 | _aMalayalam | ||
| 942 |
_2ddc _cBK |
||
| 999 |
_c17989 _d17989 |
||
| 005 | 20220125165818.0 | ||